Аналоговые измерительные устройства: учебное пособие

Bibliografske podrobnosti
Glavni avtor: Миляев Д. В. Дмитрий Васильевич
Korporativna značnica: Национальный исследовательский Томский политехнический университет (ТПУ)
Izvleček:В учебнике рассмотрены средства измерений электрических величин с позиции проектирования аналоговых измерительных устройств. Изложены теоретические вопросы структурных схем приборов, расчеты их статических и динамических погрешностей, приведены примеры выполнения контрольных заданий. Отдельная глава посвящена проектированию вольтметров постоян­ного и переменного тока. Широко представлены аналоговые электронные пре­образователи и приборы, даются расчеты электронных измерительных схем приборов и основных электронных преобразователей. Кратко изложены во­просы проектирования приборов сравнения. Приведены примеры расчета ком­пенсаторов и мостов.
Jezik:ruščina
Izdano: Томск, Изд-во ТПУ, 2014
Teme:
Format: Knjiga
KOHA link:https://koha.lib.tpu.ru/cgi-bin/koha/opac-detail.pl?biblionumber=291768

MARC

LEADER 00000nam0a2200000 4500
001 291768
005 20260417160736.0
035 |a (RuTPU)RU\TPU\book\316356 
035 |a RU\TPU\book\270065 
090 |a 291768 
100 |a 20150417d2014 m y0rusy50 ca 
101 0 |a rus 
102 |a RU 
105 |a a j 001zy 
200 1 |a Аналоговые измерительные устройства  |e учебное пособие  |f Д. В. Миляев  |g Национальный исследовательский Томский политехнический университет (ТПУ) 
210 |a Томск  |c Изд-во ТПУ  |d 2014 
215 |a 343 с.  |c ил. 
320 |a Библиогр.: с. 342-343. 
330 |a В учебнике рассмотрены средства измерений электрических величин с позиции проектирования аналоговых измерительных устройств. Изложены теоретические вопросы структурных схем приборов, расчеты их статических и динамических погрешностей, приведены примеры выполнения контрольных заданий. Отдельная глава посвящена проектированию вольтметров постоян­ного и переменного тока. Широко представлены аналоговые электронные пре­образователи и приборы, даются расчеты электронных измерительных схем приборов и основных электронных преобразователей. Кратко изложены во­просы проектирования приборов сравнения. Приведены примеры расчета ком­пенсаторов и мостов. 
606 1 |a Электроизмерительные приборы, аналоговые  |2 stltpush  |3 (RuTPU)RU\TPU\subj\20007  |9 45154 
610 1 |a аналоговые измерительные устройства 
610 1 |a измерительные преобразователи 
610 1 |a классификация 
610 1 |a аналоговые сигналы 
610 1 |a электромеханические приборы 
610 1 |a магнитоэлектрические приборы 
610 1 |a электронные аналоговые приборы 
610 1 |a электронные вольтметры 
610 1 |a электронные омметры 
610 1 |a электронные ваттметры 
610 1 |a электронные частотомеры 
610 1 |a электронные фазометры 
610 1 |a компенсаторы 
610 1 |a мосты 
610 1 |a учебные пособия 
610 1 |a труды учёных ТПУ 
675 |a 621.317.7(075.8)  |v 3 
700 1 |a Миляев  |b Д. В.  |c специалист в области информационно-измерительной техники и неразрушающего контроля.  |c доцент Томского политехнического университета, кандидат технических наук   |f 1940-  |g Дмитрий Васильевич  |3 (RuTPU)RU\TPU\pers\26529  |9 12223 
712 0 2 |a Национальный исследовательский Томский политехнический университет (ТПУ)  |c (2009- )  |3 (RuTPU)RU\TPU\col\15902 
801 1 |a RU  |b 63413507  |c 20100909 
801 2 |a RU  |b 63413507  |c 20150420  |g RCR 
942 |c BK